|
|
|
|
| LEADER |
00000nas a2200000 a 4500 |
| 001 |
ssj0000331769 |
| 003 |
WaSeSS |
| 005 |
20200512172242.0 |
| 006 |
m d |
| 007 |
cr n |
| 008 |
090408c20089999nz ar s 0 a0eng c |
| 010 |
|
|
|a 2010243485
|
| 016 |
7 |
|
|a 101532800
|2 DNLM
|
| 022 |
|
|
|a 1178-7023
|l 1178-7023
|
| 035 |
|
|
|a (WaSeSS)ssj0000331769
|
| 037 |
|
|
|b Dove Medical Press Ltd., Beechfield House, Winterton Way, Macclesfield, SK11 0JL United Kingdom
|
| 040 |
|
|
|a NZ1
|b eng
|c NZ1
|d OCLCQ
|d NLM
|d TXA
|d CUS
|d OCLCF
|d OCLCO
|d EUW
|d OCLCO
|d OCLCQ
|d OCLCO
|d OCLCQ
|d CASUM
|d OCLCO
|d OCLCQ
|d OCLCA
|d OCLCQ
|d WaSeSS
|
| 042 |
|
|
|a pcc
|
| 050 |
1 |
4 |
|a RC799
|b .C538
|
| 060 |
1 |
0 |
|a W1
|
| 082 |
0 |
4 |
|a 616.33005
|2 22
|
| 210 |
1 |
|
|a Clin. exp. gastroenterol.
|
| 222 |
|
0 |
|a Clinical and experimental gastroenterology
|
| 245 |
0 |
0 |
|a Clinical and experimental gastroenterology
|h [electronic resource].
|
| 260 |
|
|
|a [Winterton Way, Macclesfield] :
|b Dove Medical Press Ltd.,
|c ©2008-
|
| 310 |
|
|
|a Annual
|
| 362 |
1 |
|
|a Began with: Vol. 1 (2008).
|
| 506 |
|
|
|a License restrictions may limit access.
|
| 538 |
|
|
|a Mode of access: World Wide Web.
|
| 588 |
|
|
|a Description based on: Vol. 1 (2008).; title from PDF article runing title (Dove Medical Press, viewed Aug. 26, 2011).
|
| 588 |
|
|
|a Latest issue consulted: Vol. 4 (2011) (Dove Medical Press, viewed Aug. 26, 2011).
|
| 650 |
|
0 |
|a Gastroenterology
|v Periodicals.
|
| 650 |
|
0 |
|a Gastrointestinal system
|v Periodicals.
|
| 650 |
|
0 |
|a Digestive organs
|x Diseases
|v Periodicals.
|
| 650 |
|
7 |
|a Digestive organs
|x Diseases.
|2 fast
|0 (OCoLC)fst00893593
|
| 650 |
|
7 |
|a Gastroenterology.
|2 fast
|0 (OCoLC)fst00938842
|
| 650 |
|
7 |
|a Gastrointestinal system.
|2 fast
|0 (OCoLC)fst00938868
|
| 650 |
1 |
2 |
|a Gastrointestinal Diseases.
|
| 655 |
|
0 |
|a Electronic journals.
|
| 856 |
4 |
0 |
|z Full text available from Research Library: 01/01/2008 to present
|u https://search.proquest.com/publication/3933191
|